Loving with a vengeance : (Record no. 54031)
[ view plain ]
| 000 -LEADER | |
|---|---|
| fixed length control field | 00772nam a2200241 a 4500 |
| 001 - CONTROL NUMBER | |
| control field | 54031 |
| 003 - CONTROL NUMBER IDENTIFIER | |
| rucl marc code | BD-RjUL |
| 005 - DATE AND TIME OF LATEST TRANSACTION | |
| control field | 20211209080049.0 |
| 008 - FIXED-LENGTH DATA ELEMENTS--GENERAL INFORMATION | |
| fixed length control field | 161031r19901985nyu||||| |||| 00| 0 eng d |
| 020 ## - INTERNATIONAL STANDARD BOOK NUMBER | |
| International Standard Book Number | 0415901367 (pbk.) |
| 035 ## - SYSTEM CONTROL NUMBER | |
| System control number | (BD-RjUL)54153 |
| 040 ## - CATALOGING SOURCE | |
| Original cataloging agency | BD-RjUL |
| Language of cataloging | eng |
| Transcribing agency | BD-RjUL |
| 041 ## - LANGUAGE CODE | |
| Language code of text/sound track or separate title | eng |
| 082 ## - DEWEY DECIMAL CLASSIFICATION NUMBER | |
| Edition number | 23 |
| Classification number | 823.09 |
| Author mark and year | MOL 1990 |
| 100 1# - MAIN ENTRY--PERSONAL NAME | |
| Personal name | Modleski, Tania |
| 9 (RLIN) | 161336 |
| 245 10 - TITLE STATEMENT | |
| Title | Loving with a vengeance : |
| Remainder of title | mass-produced fantasies for women / |
| Statement of responsibility, etc. | Tania Modleski |
| 260 ## - PUBLICATION, DISTRIBUTION, ETC. (IMPRINT) | |
| Place of publication, distribution, etc. | New York : |
| Name of publisher, distributor, etc. | Routledge, |
| Date of publication, distribution, etc. | c1982 [Reprinted 1988, 1990 ] |
| 300 ## - PHYSICAL DESCRIPTION | |
| Pagination | 140 p. ; |
| Size | 20 cm |
| 504 ## - BIBLIOGRAPHY, ETC. NOTE | |
| Bibliography, etc | Includes Bibliographical References and Index |
| 650 ## - SUBJECT ADDED ENTRY--TOPICAL TERM | |
| Topical term or geographic name as entry element | English fiction |
| General subdivision | History and criticism. |
| 9 (RLIN) | 161337 |
| Topical term or geographic name as entry element | Women in literature. |
| 9 (RLIN) | 118234 |
| 942 ## - ADDED ENTRY ELEMENTS (KOHA) | |
| Source of classification or shelving scheme | Dewey Decimal Classification |
| Koha item type | Books |
| Lost status | Source of classification or shelving scheme | Damaged status | Not for loan | Collection code | Permanent Location | Current Location | Shelving location | Date acquired | Source of acquisition | Total Checkouts | Full call number | Date last seen | Copy number | Koha item type |
|---|---|---|---|---|---|---|---|---|---|---|---|---|---|---|
| Dewey Decimal Classification | Non-fiction | Central Library, University of Rajshahi | Central Library, University of Rajshahi | 06/09/2008 | Authority, R.U.C.L | 823.09 MOL 1988 | 31/10/2016 | C-2 | Books | |||||
| Dewey Decimal Classification | Not For Loan | Non-fiction | Central Library, University of Rajshahi | Central Library, University of Rajshahi | 06/09/2008 | Authority,R.U.C.L | 823.09 MOL 1988 | 26/01/2017 | C-3 | Books |